000 00789nam a2200181Ia 4500
008 081213s9999 xx 000 0 und d
020 _c006061112X
050 _aBV4211
_b.B67 1979
100 _aBroadus, John A.
245 _aOn the preparation and delivery of sermons /
_cJohn A. Broadus
260 _c1979
_aNew York
_bHarper and Brothers
300 _aXVIII, 392 p. ;
_c21 cm.
500 _aincludes index
650 _bSermons
942 _cBK
_2lcc
999 _c10063
_d10063